000
00292nam a2200109Ia 4500
008
200302s9999 xx 000 0 und d
100
_a
James G. Macgregor
245
_a
Reinforced Concrete Mechanics and Design
260
_b
Prentice Hall International Ltd.
260
_c
1988
300
_a
799 P.,
999
_c
2129
_d
2129